|
|
|
|
| LEADER |
00000nam a2200000 a 4500 |
| 001 |
UCS9537 |
| 003 |
CL-VaPUC |
| 008 |
971121e19630000AG |||||||||||||||||spa|d |
| 082 |
0 |
4 |
|a 189.4
|b HUG
|2 21
|
| 100 |
|
|
|a Hugon, Eduardo
|e author
|9 346155
|
| 245 |
1 |
0 |
|a Principios de filosofía: las veincuatro tesis tomistas
|
| 250 |
|
|
|a 5a. ed
|
| 300 |
|
|
|a 350 p
|
| 942 |
|
|
|c BK
|
| 945 |
|
|
|d 19971121 00:00:00
|a jquezada
|
| 260 |
|
|
|a Buenos Aires
|b Poblet
|c 1963
|
| 600 |
|
0 |
|a Tomás de Aquino
|d 1220-1274
|c Santo
|9 255832
|
| 650 |
|
0 |
|a Filosofía tomista
|9 373993
|
| 650 |
|
7 |
|a DOCUMENTOS
|2 CL-VaPUC
|9 366450
|
| 650 |
|
0 |
|a Encíclicas
|9 255643
|
| 650 |
|
0 |
|a Ontología
|9 256850
|
| 650 |
|
0 |
|a Cosmología
|9 269138
|
| 650 |
|
0 |
|a Psicología
|9 257863
|
| 650 |
|
0 |
|a Teodicea
|9 315235
|
| 583 |
|
|
|a last modification
|c 19971121 00:00:00
|k Rodrigo Vera
|
| 999 |
|
|
|c 263320
|d 263318
|
| 952 |
|
|
|0 0
|1 0
|4 0
|6 189_400000000000000_HUG_1963
|7 0
|8 A
|9 292545
|a BIBTEO
|b BIBTEO
|d 2019-11-19
|i 3368084
|o 189.4 HUG 1963
|p 3368084
|r 2025-01-17
|w 2019-11-19
|y BK
|k ICR
|